5HLuxD.jpg

KING HENRY VIII SENIOR AND PRIMARY SCHOOL LIBRARY OPAC

Mr. Wrong. (Record no. 2298)

000 -LEADER
fixed length control field 00697 am a22002657a 4500
001 - CONTROL NUMBER
control field 010716745
003 - CONTROL NUMBER IDENTIFIER
control field OSt
005 - DATE AND TIME OF LATEST TRANSACTION
control field 20230411095450.0
008 - FIXED-LENGTH DATA ELEMENTS--GENERAL INFORMATION
fixed length control field 910306s1990 enk j| 000 1|eng
015 ## - NATIONAL BIBLIOGRAPHY NUMBER
National bibliography number GB9032963
Source bnb
020 ## - INTERNATIONAL STANDARD BOOK NUMBER
International Standard Book Number 0749800224 (pbk) :
039 0# - LEVEL OF BIBLIOGRAPHIC CONTROL AND CODING DETAIL [OBSOLETE]
Level of rules in bibliographic description 2130
040 ## - CATALOGING SOURCE
Original cataloging agency Uk
Transcribing agency Uk
Modifying agency KH8
082 04 - DEWEY DECIMAL CLASSIFICATION NUMBER
Classification number 813.54 HAR
Edition number 20
100 1# - MAIN ENTRY--PERSONAL NAME
Personal name Hargreaves, Roger,
Dates associated with a name 1935-1988.
Relator term Author
245 10 - TITLE STATEMENT
Title Mr. Wrong.
Statement of responsibility, etc. Roger Hargreaves
260 ## - PUBLICATION, DISTRIBUTION, ETC.
Name of publisher, distributor, etc. World International,
Date of publication, distribution, etc. 1990.
300 ## - PHYSICAL DESCRIPTION
Extent [36]p.
336 ## - CONTENT TYPE
Content type term text
Source rdacontent
337 ## - MEDIA TYPE
Media type term unmediated
Source rdamedia
338 ## - CARRIER TYPE
Carrier type term volume
Source rdacarrier
653 1# - INDEX TERM--UNCONTROLLED
Uncontrolled term English fiction
-- Children's stories
653 1# - INDEX TERM--UNCONTROLLED
Uncontrolled term United States
942 ## - ADDED ENTRY ELEMENTS (KOHA)
Source of classification or shelving scheme
Koha item type Books
Holdings
Withdrawn status Lost status Source of classification or shelving scheme Damaged status Not for loan Collection code Permanent Location Current Location Shelving location Date acquired Total Checkouts Full call number Barcode Date last seen Date last checked out Price effective from Koha item type
          Fiction KH8 Primary School Library KH8 Primary School Library Non Fiction 2023-04-11 7 813.54 HAR KHPL000004047 2026-03-10 2025-03-03 2023-04-11 Books

Powered By KH8 IT Dept